Železnica už nebude republikou v republike

Rozhovor autora článku s podpredsedom predstavenstva a ekonomickým riaditeľom osobného železničného dopravcu ZSSK Slovensko. Rozdelenie Železníc SR na dva samostatné podniky. Osobitosti nákladnej dopravy v porovnaní s osobnou dopravou. Podnikateľská nákladná doprava a štátna osobná doprava. Procesné...

ver descrição completa

Na minha lista:
Detalhes bibliográficos
Autor principal: Bucha, Tibor
Outros Autores: Gábor, Pavol
Formato: Capítulo de Livro
Idioma:eslovaco
Assuntos:
Tags: Adicionar Tag
Sem tags, seja o primeiro a adicionar uma tag!

MARC

LEADER 00000naa$a2200000$$$4500
001 0032404
005 20231004130304.6
041 0 |a slo 
044 |a SK 
245 1 0 |a Železnica už nebude republikou v republike  |c Tibor Bucha, Pavol Gábor 
520 |a Rozhovor autora článku s podpredsedom predstavenstva a ekonomickým riaditeľom osobného železničného dopravcu ZSSK Slovensko. Rozdelenie Železníc SR na dva samostatné podniky. Osobitosti nákladnej dopravy v porovnaní s osobnou dopravou. Podnikateľská nákladná doprava a štátna osobná doprava. Procesné riadenie oboch spoločností. Ďalší krok - meranie výkonnosti jednotlivých procesov na báze balanced scorecard. 
610 2 0 |a doprava železničná nákladná 
610 2 0 |a doprava železničná osobná 
610 2 0 |a riadenie procesné 
610 2 0 |a inovácia 
610 2 0 |a financovanie 
610 2 0 |a financie verejné 
610 2 0 |a podnikanie 
610 2 0 |a Slovensko 
100 1 |a Bucha, Tibor 
700 1 |a Gábor, Pavol